Punishment, Politics and Culture

Bibliographic Details
Format: eBook
Language:English
Published: Bingley: Emerald Group Publishing Limited, 2003
Subjects:
Online Access:Acceso restringido

MARC

LEADER 00000nam a22000007a 4500
005 20210223221358.0
007 cr|||| ||||
008 210223s2003 us |||||s|||| 00||0 eng d
020 |a 978-0-76231-072-2 
035 |a 32174 
040 |a vLex 
090 |c 11227  |d 11227 
245 0 0 |a Punishment, Politics and Culture  |h [Recurso electrn̤ico] / 
256 |a Servicio en ln̕ea 
260 |a Bingley:  |b Emerald Group Publishing Limited,  |c 2003 
300 |a 1 recurso electrn̤ico 
506 1 |a Disponible solo en los productos indicados  |d vLex Global  |d vLex Global (Academic Edition, excluding Law Schools)  |d vLex Global (Academic Edition, Law Schools) 
650 0 4 |a Ciencias sociales  |z Estados Unidos 
740 0 |a vLex Libros (Servicio en ln̕ea) 
856 4 0 |u http://vlex.com/source/32174  |z Acceso restringido 
942 |c BOOK 
999 0 |a Social Sciences